Τα Ηνωμένα Έθνη και οι νέες προκλήσεις στο διεθνές στερέωμα : διεθνής ειρήνη και ασφάλεια, ανθρώπινα δικαιώματα, βιώσιμη ανάπτυξη
Αποθηκεύτηκε σε:
| Άλλοι συγγραφείς: | , |
|---|---|
| Μορφή: | Βιβλίο |
| Γλώσσα: | Greek |
| Δημοσίευση: |
Αθήνα ; Θεσσαλονίκη :
Σάκκουλας,
2018.
|
| Θέματα: | |
| Ετικέτες: |
Προσθήκη ετικέτας
Δεν υπάρχουν, Καταχωρήστε ετικέτα πρώτοι!
|
MARC
| LEADER | 00000cam a2200000 a 4500 | ||
|---|---|---|---|
| 001 | 1/118866 | ||
| 008 | 190524s2018####gr | |||b ||00 ||gre|| | ||
| 020 | |a 9789605687892 | ||
| 040 | |a GR-MyUa |b gre |c GR-MyUa |e AACR2 | ||
| 041 | 0 | |a gre | |
| 082 | 7 | |a 352.113 |2 (23) | |
| 245 | 0 | 3 | |a Τα Ηνωμένα Έθνη και οι νέες προκλήσεις στο διεθνές στερέωμα : |b διεθνής ειρήνη και ασφάλεια, ανθρώπινα δικαιώματα, βιώσιμη ανάπτυξη / |c επιμέλεια: Χαριτίνη Δίπλα ; συνεργασία-μετάφραση: Αντωνία Ζερβάκη. |
| 260 | |a Αθήνα ; Θεσσαλονίκη : |b Σάκκουλας, |c 2018. | ||
| 300 | |a xi, 221 σ. ; |c 24 εκ. | ||
| 650 | 0 | |a National security. | |
| 650 | 0 | |a Human rights |x International cooperation. | |
| 650 | 0 | |a International relations |y 21st century. | |
| 610 | 2 | 0 | |a United Nations. |
| 700 | 1 | |a Δίπλα, Χαριτίνη, |e edtf | |
| 700 | 1 | |a Ζερβάκη, Αντωνία, |e trlf | |
| 852 | |a INST |b RHODES |c EUDOXUS |e 20190524 |h 352.113 ΗΝΩ |p 005400040809 |q 005400040809 |t EDX |y 0 | ||
| 852 | |a INST |b RHODES |c EUDOXUS |e 20190528 |h 352.113 ΗΝΩ |p 005400040810 |q 005400040810 |t EDX |y 0 | ||
| 920 | |a Εύδοξος |b Παραγγελία |y Ρόδος-ΤΜΣ |z 2019-05 | ||
| 970 | |a Κόζα |b Μαρία |z 24/05/2019 | ||